Cuadernos negros, 1931-1938 : reflexiones II-VI /

Los llamados Cuadernos negros de Heidegger son una especie de diario filosófico en que este pensador alemán fue plasmando sus reflexiones para intentar aclarar o profundizar sobre el ser, a la par de sus actividades académicas o producción filosófica. Estos cuadernos, que son 34, forman parte de los...

Whakaahuatanga katoa

I tiakina i:
Ngā taipitopito rārangi puna kōrero
Kaituhi matua: Heidegger, Martin (autor)
Ētahi atu kaituhi: Trawny, Peter (edición) (edición), Ciria, Alberto, 1967- (traducción) (traducción)
Hōputu: Pukapuka
Reo:Pāniora
I whakaputaina: Madrid, España : Trotta, 2015, c2015
Rangatū:(Estructuras y Procesos. Filosofía)
Ngā marau:
Ngā Tūtohu: Tāpirihia he Tūtohu
Kāore He Tūtohu, Me noho koe te mea tuatahi ki te tūtohu i tēnei pūkete!

MARC

LEADER 00000nam^a2200000^a^4500
001 000380923
005 20250521000000.0
009 20260310120625.06
020 |a 978-84-9879-603-2 
037 |a Acervo Xavier Clavigero 
041 |a ESP 
082 |a 142. 7  |b HEI OBR CUA V. 1 
100 |a Heidegger, Martin  |e (autor) 
240 1 1 |a [Cuadernos negros] 
245 1 0 |a Cuadernos negros, 1931-1938 :  |b reflexiones II-VI /  |c M. Heidegger ; ed. de P. Trawny ; tr. por A. Ciria. 
264 4 |a Madrid, España :  |b Trotta,  |c 2015, c2015 
300 |a 420 p. 
336 |a texto  |b txt  |2 rdacontenido 
337 |a sin mediación  |b n  |2 rdamedio 
338 |a volumen  |b nc  |2 rdasoporte 
440 1 |a (Estructuras y Procesos.  |p Filosofía) 
500 |a Traducción de: Uberlegungen II-VI (Schwarze Hefte 1931-1938) (GA 94) 
520 |a Los llamados Cuadernos negros de Heidegger son una especie de diario filosófico en que este pensador alemán fue plasmando sus reflexiones para intentar aclarar o profundizar sobre el ser, a la par de sus actividades académicas o producción filosófica. Estos cuadernos, que son 34, forman parte de los últimos volúmenes de sus Obra completas. Dado que la presente obra es anunciada como la primera entrega, en biblioteca lo numeraremos en el orden de aparición. 
545 0 |a Martín Heidegger (1889-1976), filósofo alemán, discípulo de Edmund Husserl, desarrolla su pensamiento a contracorriente en un ambiente doctrinal neokantiano del cual poco a poco se distancia. El planteamiento central de su filosofía es el ser, considerado en su universalidad y en su diferencia respecto del ente; en su itinerario por develar la estructura existencial más profunda del Dasein o del ser en el mundo recurre a los principios de la fenomenología, donde el fenómeno es entendido como la manifestación de la esencia misma de la cosa. Entre sus obras principales se encuentran Ser y tiempo, Qué es metafísica, Kant y el problema de la metafísica, Identidad y diferencia, Prolegómenos para una historia del concepto de tiempo, Sobre la cuestión del ser, Introducción a la filosofía, entre otras. 
649 |a XX 
650 |a Filósofos Alemanes 
650 |a Ontología 
650 |a Existencialismo 
650 |a Fenomenología -  |x Tema Principal 
650 |a Filosofía del Siglo XX -  |x Historia y Crítica 
650 |a Filosofía Alemana 
650 |a Heidegger, Martin -  |x Tema Principal 
700 |a Trawny, Peter  |e (edición) 
700 |a Ciria, Alberto,  |d 1967-  |e (traducción) 
910 |a Fondo General 
920 |a Impresos - Libros 
930 |a Colección General 
905 |a 101 
901 |a 0500275702  |b IT1  |c ACC  |i FXC C1393  |u 20250521 
902 |a https://opac.biblio.iteso.mx/vufind/Record/000380923